000 00560nam a2200229Ia 4500
008 101110s9999 xx 000 0 und d
041 _aENGLISH
082 _bSR27388
100 _aPathak B.V.
245 _aCommunication skill
260 _c2004
_bNirali Prakashan, Mumbai
300 _a254
365 _b110
520 _aEnglish
520 _aWith one CD sent to computer Dept. dt.12/8/05
546 _aENGLISH
630 _aCommunication skill
650 _aEnglish
655 _aEnglish
730 _aCommunication skill
942 _cBOOK
999 _c819944
_d819941